000 00738nam a2200217Ia 4500
003 GCL
008 140319s9999 xx 000 0 ara d
040 _aGCL /
_cGCL
082 0 4 _a833.03
_bا م
100 1 _aسليم الاسيوطى (مترجم)
245 1 0 _aموسم الحب (هدية من الأديب عبدالفتاح الجمل) /
_cسليم الاسيوطى (مترجم)
700 1 _aفوزى سليمان (ترجمة)
700 1 _aاوتو , هربرت
300 _a298 ص
490 _a
650 0 4 _aالادب الالمانى
650 0 4 _aالقصص الالمانية المترجمة
650 0 4 _aالادب الالمانى المترجم
650 0 4 _aالقصص الالمانية
942 _2ddc
_cBK
999 _c40307
_d40307